| 000 | 00427 a2200121 4500 | ||
|---|---|---|---|
| 001 | ART_12058 | ||
| 005 | 20260410161902.0 | ||
| 008 | 260409a | ||
| 245 | 1 | 0 | _aThe effects of various treatments of truncation remainders on tests of hypotheses in distributed lag models |
| 100 | 1 | _aSchmidt, Peter | |
| 700 | 1 | _aGuilkey, David K. | |
| 773 | 0 |
_tJournal of econometrics _g- Vol. 4, NÂș 3 (ago. 1976) _wREV11720 |
|
| 999 |
_c26059 _d26059 |
||